| 000 -LEADER |
| fixed length control field |
00541nam a22001817a 4500 |
| 008 - FIXED-LENGTH DATA ELEMENTS--GENERAL INFORMATION |
| fixed length control field |
150608b xxu||||| |||| 00| 0 eng d |
| 020 ## - INTERNATIONAL STANDARD BOOK NUMBER |
| International Standard Book Number |
0618310592 |
| 041 0# - LANGUAGE CODE |
| Language code of text/sound track or separate title |
eng |
| 080 ## - UNIVERSAL DECIMAL CLASSIFICATION NUMBER |
| Universal Decimal Classification number |
339.138 |
| 100 1# - Rafti |
| Rafti |
Jeannet, Jean-Pierre. |
| 245 10 - TITLE STATEMENT |
| Title |
Global marketing strategies / |
| Statement of responsibility, etc |
Jean-Pierre Jeannet, H. David Hennessey. |
| 250 ## - |
| -- |
6th ed. |
| 260 ## - |
| -- |
Boston, Mass. : |
| -- |
Houghton Mifflin, |
| -- |
c2004. |
| 300 ## - |
| -- |
613 f. : |
| -- |
me il. ; |
| -- |
24 cm. |
| 650 #0 - |
| -- |
Marketingu i eksportit |
| -- |
Menaxhment |
| 700 1# - |
| -- |
Hennessey, Hubert D. |
| 942 ## - ADDED ENTRY ELEMENTS (KOHA) |
| Source of classification or shelving scheme |
|
| Item type |
Books |